000 00549nam a2200217Ia 4500
008 101110s9999 xx 000 0 und d
041 _aENGLISH
082 _bSR31614
100 _aMithani D.M.
245 _aBusiness economics paper-I, FYBCom
260 _c2009
_bSheth publishers,Mumbai
300 _a400
365 _b120
520 _aEconomics
546 _aENGLISH
630 _aBusiness economics paper-I, FYBCom
650 _aEconomics
655 _aEconomics
730 _aBusiness economics paper-I, FYBCom
942 _cBOOK
999 _c824116
_d824113